| 000 | 00624cab a2200193 4500 | ||
|---|---|---|---|
| 001 | WB2714-50 | ||
| 008 | 090401t1991 xxu||||| |||| 00| 0 eng d | ||
| 035 | _a(Sirsi) u51091 | ||
| 041 | _aeng | ||
| 245 | _aMilk quota changes | ||
| 260 | _c1991 | ||
| 350 | _a0 | ||
| 490 |
_aMAFF News Release _vno 94/91 27 March 1991, 2 pages |
||
| 520 | _aMilk quota to be allocated to producers of yoghurt and other milk products is to come out of the UK`s existing quota following an EC decision, which the Government voted against. | ||
| 650 | _aEC LEGISLATION | ||
| 690 | _aRURAL PRACTICE | ||
| 942 | _n0 | ||
| 948 | _c04/03/1997 | ||
| 999 |
_c31866 _d31866 |
||